000 00296nam a22001337a 4500
041 _aENG
100 _aChapra.S.C
245 _aNumerical Methods For Engineers
250 _aFifth Ed
260 _aDelhi
_bTata McGraw Hill
_c1998
300 _a773
650 _aMath's
856 _uM.Tech ( 7 )
999 _c1093
_d1093